Fő-tér

Podrobná bibliografia
Médium: Kniha
Jazyk:neznámy jazyk
PhysicalDescription:1 pohľadnica
Vydavateľské údaje: Liptószeutmiklós Steier Izidor [S. l.]

MARC

LEADER 00000nam a2200000 a 4500
001 vtls001383827
003 SK-MaSNL
005 20260224023152.0
008 000225suuuu xx 0 und
035 |a SNK000337924 
040 |a SNK  |b slo  |c SNK  |e AACR2 
245 1 |a Fő-tér 
260 |a Liptószeutmiklós  |b Steier Izidor  |c [S. l.] 
300 |a 1 pohľadnica 
999 |c 809451  |d 811381 
952 |t P60, <03>, [BOOK], {603}  |a SNK  |b SNK  |y PREZ  |7 0  |p 17A0227438  |o snkSP 17427  |0 0  |1 0  |4 0  |d 2000-02-25  |l 0  |r 2005-01-02 00:00:00  |w 2026-02-24